Un Papa ante la historia / (Record no. 131020)

MARC details
000 -LEADER
campo de control de longitud fija 00652nam a2200217 i 4500
001 - NÚMERO DE CONTROL
campo de control 131020
003 - IDENTIFICADOR DE NÚMERO DE CONTROL
campo de control ES-MaACL
005 - FECHA Y HORA DE LA ÚLTIMA TRANSACCIÓN
campo de control 20230906193911.0
007 - CAMPO FIJO DE DESCRIPCIÓN FÍSICA--INFORMACIÓN GENERAL
campo de control de longitud fija t|
008 - DATOS DE LONGITUD FIJA--INFORMACIÓN GENERAL
campo de control de longitud fija 070214s1973 sp a |||| |bspa d
080 ## - NÚMERO DE LA CLASIFICACIÓN DECIMAL UNIVERSAL
Número de la Clasificación Decimal Universal 929 Pio XII. Papa
100 1# - ENTRADA PRINCIPAL--NOMBRE DE PERSONA
Nombre de persona Roche, Georges.
9 (RLIN) 98062
245 13 - MENCIÓN DEL TÍTULO
Título Un Papa ante la historia /
Mención de responsabilidad, etc. Georges Roche ; Philippe Saint Germain ; versión de C. Soler.
250 ## - MENCION DE EDICION
Mención de edición 1ª ed.
260 ## - PUBLICACIÓN, DISTRIBUCIÓN, ETC.
Lugar de publicación, distribución, etc. Barcelona :
Nombre del editor, distribuidor, etc. Luis Caralt,
Fecha de publicación, distribución, etc. 1973.
300 ## - DESCRIPCIÓN FÍSICA
Extensión 509 p. :
Otras características físicas il. ;
Dimensiones 22 cm.
600 04 - PUNTO DE ACCESO ADICIONAL DE MATERIA--NOMBRE DE PERSONA
Nombre de persona Pío
Numeración XII,
Títulos y otros términos asociados al nombre Papa.
9 (RLIN) 92302
700 1# - ENTRADA AGREGADA--NOMBRE PERSONAL
Nombre de persona Saint Germain, Philippe.
9 (RLIN) 101525
700 1# - ENTRADA AGREGADA--NOMBRE PERSONAL
Nombre de persona Soler, C.
9 (RLIN) 107139
852 ## - LOCALIZACIÓN
Ubicación ES-MaACL
Número de control de estantería C-52377
Holdings
Estatus retirado Estado de pérdida Estado de daño No para préstamo Biblioteca de origen Biblioteca actual Ubicación en estantería Fecha de adquisición Fuente de adquisición Total de préstamos Signatura topográfica completa Código de barras Visto por última vez Precio de reemplazo Tipo de ítem Koha
        Biblioteca del Ateneo de Madrid Biblioteca del Ateneo de Madrid Depósito 2 17/01/2008     C-52377 1136408 23/02/2023 23/02/2023 Libro impreso